[Event "Paris Pro-Biz Cup 2018"]
[Site "Paris"]
[Date "2018.06.25"]
[Round "5.2"]
[White "Nakamura&Kosciusko-Morizet"]
[Black "So&Roussel"]
[Result "0-1"]
[WhiteElo "2769"]
[BlackElo "2778"]
[Annotator "TA"]
[PlyCount "58"]
[EventDate "2018.06.23"]
[EventType "tourn"]
[EventCountry "FRA"]
[SourceTitle "playchess.com"]
[Source "ChessBase"]
[SourceQuality "1"]

{[%evp 9,58,6,11,0,0,0,25,6,9,4,13,-40,-35,-39,0,-52,-25,-125,-116,-121,-123,-601,-629,-720,-717,-699,-683,-951,-956,-1317,-1304,-1322,-1250,-1581,-1554,-1506,-1488,-1868,-1619,-1648,-1627,-1535,-1505,-1511,-1508,-1710,-1610,-1822,-1786,-29988,-29989]} 1. d4 d5 2. Bf4 c5 3. c3 Nf6 4. e3 e6 (4... Nc6 5. Nd2 Bf5 6. Qb3 Qc8 7. dxc5 e5 8. Bg5 Be6 9. Bxf6 gxf6 10. c4 dxc4 11. Bxc4 Bxc5 12. Rc1 Bb4 {½-½ (43) Aronian,L (2805)-Sethuraman,S (2646) Riadh 2017}) 5. Bd3 h6 6. h3 $146 {D00: 1 d4 d5: Unusual lines} ({Predecessor:} 6. Nd2 Nc6 7. h3 Bd6 8. Bxd6 Qxd6 9. Ngf3 Bd7 10. O-O O-O 11. Qe2 e5 12. dxe5 Nxe5 13. Nxe5 Qxe5 {½-½ (30) Kemppainen,T-Kauko,P (2058) Finland 2010}) 6... Nc6 7. Nf3 b6 8. Nbd2 {White has an edge.} Bd6 9. Bxd6 Qxd6 10. e4 (10. O-O $11) 10... cxd4 $15 11. cxd4 {[#] Black must now prevent e5.} e5 12. Bb5 ({Better is} 12. Nxe5 $11 Nxe5 13. dxe5 Qxe5 14. Bb5+ Bd7 15. Bxd7+ Nxd7 16. O-O) 12... O-O $1 13. dxe5 (13. Bxc6 $11 {remains equal.} Qxc6 14. Nxe5) 13... Nxe5 $17 14. O-O dxe4 15. Ne1 $2 {[%mdl 8192] [#]} (15. Nxe5 $17 Qxe5 16. Qe2) 15... Rd8 $19 {[%cal Bf8d8,Bd8d2,Bd2b2][%mdl 32]} 16. Qc2 Qxd2 17. Qxd2 Rxd2 18. Rc1 Rxb2 19. Bc4 Nxc4 20. Rxc4 Ba6 21. Rc3 Bxf1 22. Kxf1 Rxa2 23. f3 exf3 24. Nxf3 Ra1+ 25. Ke2 Ne4 26. Rc7 a5 {[%cal Ba7a5,Ba5a4][%mdl 32]} 27. Ke3 Re8 28. Ra7 a4 29. Rb7 Nc5+ 0-1

[Event "Paris Pro-Biz Cup 2018"]
[Site "Paris"]
[Date "2018.06.25"]
[Round "5.3"]
[White "MVL&Betthaeuser"]
[Black "Grischuk&Ros"]
[Result "1-0"]
[WhiteElo "2789"]
[BlackElo "2766"]
[Annotator "TA"]
[PlyCount "95"]
[EventDate "2018.06.23"]
[EventType "tourn"]
[EventCountry "FRA"]
[SourceTitle "playchess.com"]
[Source "ChessBase"]
[SourceQuality "1"]

{[%evp 10,95,24,16,47,31,25,8,19,17,16,14,29,-9,39,34,39,31,38,0,70,66,71,60,45,62,134,133,112,107,127,0,0,0,40,35,34,26,60,13,26,21,32,37,68,0,0,-7,-7,-16,0,0,0,-8,1203,1176,1133,1109,1054,981,823,818,29970,29972,29969,29971,29976,29977,29976,29974,29965,29949,5469,5085,29981,29968,29966,29967,29965,29966,29967,29964,29991,29952,29969,29966,29991,29992]} 1. e4 e6 2. d4 d5 3. Nd2 c5 4. Ngf3 cxd4 5. exd5 (5. Nxd4 Nf6 6. exd5 Nxd5 7. N2f3 Bb4+ 8. Bd2 O-O 9. c3 Be7 10. Bd3 b6 11. O-O Bb7 12. Qe2 Nc6 13. Rad1 Nxd4 14. Nxd4 Bf6 {0-1 (38) Gao,R (2561)-Yu,Y (2759) Tianjin 2018}) 5... exd5 6. Nxd4 {LiveBook: 4 Games. C07: French Tarrasch: 3...c5, 4 Ngf3 and 4 exd5 Qxd5} Bd6 7. Bd3 Nf6 8. O-O $146 {White has an edge.} ({Predecessor:} 8. Qe2+ Kf8 9. O-O Nc6 10. N2b3 Bg4 11. f3 Nxd4 12. Nxd4 Qb6 {1-0 (33) Nunez V,G (2231)-Pena Duarte,F (2160) Bogota 2012}) 8... O-O 9. Re1 Nc6 10. N2f3 Bg4 {Threatens to win with ...Nxd4.} 11. Be3 Ne5 12. Be2 $36 {[%mdl 2048] White has some pressure.} Nc4 13. Bxc4 dxc4 14. c3 a6 (14... Qd7 $11) 15. h3 $14 Bd7 16. Bg5 Rc8 17. Ne5 Bc5 (17... Bxe5 $14 18. Rxe5 h6) 18. Nxd7 ({Much worse is} 18. Nxc4 $6 Bxh3 19. Ne3 (19. gxh3 Bxd4 20. Qxd4 Qxd4 $11) 19... Be6 $11) 18... Qxd7 19. Bxf6 $1 gxf6 {[#]} 20. Qg4+ (20. Re4 $1 $16 {And now Qh5 would win.} Rfe8 21. Rf4) 20... Qxg4 $11 21. hxg4 Rfe8 (21... Bxd4 $5 22. cxd4 Rfd8 $11) 22. Nf3 Rcd8 23. Kf1 Kg7 24. Rad1 Rxe1+ 25. Rxe1 {[%mdl 4096] Endgame KRB-KRN} Rd6 26. g3 b5 27. Kg2 ({White should try} 27. Re8 $14 h6 28. Rc8) 27... Re6 28. Rxe6 fxe6 {KB-KN} 29. g5 a5 30. gxf6+ Kxf6 31. Nd2 e5 $2 {[%mdl 8192]} (31... Ke5 $11) 32. Ne4+ $18 Ke6 33. Nxc5+ {KN-KP} Kd5 34. Nd7 Ke4 {[#]} 35. a4 $1 b4 (35... bxa4 36. Nc5+) 36. cxb4 axb4 37. a5 c3 38. bxc3 bxc3 {KN-K3P} 39. a6 c2 40. a7 c1=Q 41. a8=Q+ Kf5 42. Qf3+ {White mates.} Ke6 43. Nf8+ Ke7 44. Nxh7 Qh6 45. Qe4 Ke6 46. g4 Qh4 47. Nf8+ Ke7 48. Ng6+ {Precision: White = 59%, Black = 31%.} 1-0

[Event "Paris Pro-Biz Cup 2018"]
[Site "Paris"]
[Date "2018.06.25"]
[Round "5.4"]
[White "Aronian&Staune"]
[Black "Mamedyarov&Bertola"]
[Result "1-0"]
[WhiteElo "2764"]
[BlackElo "2808"]
[Annotator "TA"]
[PlyCount "69"]
[EventDate "2018.06.23"]
[EventType "tourn"]
[EventCountry "FRA"]
[SourceTitle "playchess.com"]
[Source "ChessBase"]
[SourceQuality "1"]

{[%evp 9,69,7,8,-3,3,-34,-37,-38,-45,-37,-43,-52,-37,-29,-29,-57,-27,-69,-62,-106,-87,-87,-90,-92,0,-220,-218,-208,-134,-130,-138,-125,-112,-121,-46,-123,-81,-131,198,193,197,0,940,923,927,912,875,912,924,926,938,937,945,944,937,936,902,920,914,906,943,936]} 1. e4 c5 2. Nf3 Nc6 3. d4 cxd4 4. Nxd4 Qb6 5. c3 Nf6 {LiveBook: 3 Games} 6. Qc2 {B32: Sicilian: Löwenthal and Kalashnikov Variations} (6. Nxc6 bxc6 7. Bd3 e5 8. O-O Be7 9. a4 a5 10. Na3 O-O 11. Nc4 Qc7 12. Ne3 d5 13. exd5 cxd5 {0-1 (26) Radic,B (2222)-Sutkovic,D (2339) Bosna 2017}) 6... e5 $146 ({Predecessor:} 6... Nxd4 7. cxd4 Qxd4 8. Nc3 Qc5 9. Be3 Qc7 10. Rc1 e6 11. Qa4 Qd6 12. a3 Kd8 13. Nb5 {1-0 (36) Gomes,J (1948)-Langner,D Campinas 2011}) 7. Nb3 d5 8. exd5 {Black is slightly better.} Nxd5 9. Be2 Be7 10. N1d2 Be6 11. O-O O-O 12. Nf3 h6 13. h3 Rad8 14. Rd1 a5 $36 {[%mdl 2048] Black is really pushing.} 15. Nbd2 Bc5 16. Ne4 Be7 (16... Bf5 $17 17. Bd3 Bxe4 18. Bxe4 Nf6) 17. Bd2 $2 {[#]} (17. Ned2 $1 $11 {and White has nothing to worry.}) 17... f5 $19 18. Ng3 e4 19. Nd4 Nxd4 20. cxd4 Rc8 21. Qa4 Nb4 ({Better is} 21... Bh4 $17 {...e3 is the strong threat.} 22. Qxa5 e3 23. Qxb6 exf2+ 24. Kh2 Nxb6) 22. Bc3 ({White should try} 22. a3 $15 Nd3 23. Bxd3 exd3 24. Qxa5 Qxd4 25. Bc3) 22... Bd6 23. Nf1 {[#]} Bc4 $2 {[%mdl 8192]} (23... Qd8 $1 $17 {keeps the pressure on.} 24. Qb5 Qe7 25. Bxb4 axb4) 24. Bxc4+ $18 Rxc4 25. Ne3 $2 (25. a3 $18 Rxc3 26. bxc3) 25... Kh8 $2 {[%mdl 8192]} (25... Rcc8 $11) 26. Nxc4 {White is clearly winning.} Qc7 27. Nxd6 Qxd6 28. Bxb4 axb4 29. Rac1 f4 30. Qc2 e3 31. fxe3 fxe3 32. Rf1 Re8 33. Rce1 Qxd4 34. Re2 Qd5 35. Rfe1 {Precision: White = 34%, Black = 43%.} 1-0

[Event "Paris Pro-Biz Cup 2018"]
[Site "Paris"]
[Date "2018.06.25"]
[Round "5.5"]
[White "Caruana&Kosciusko-Morizet"]
[Black "Kramnik&Phillipe"]
[Result "0-1"]
[WhiteElo "2816"]
[BlackElo "2787"]
[Annotator "TA RC"]
[PlyCount "88"]
[EventDate "2018.06.23"]
[EventType "tourn"]
[EventCountry "FRA"]
[SourceTitle "playchess.com"]
[Source "ChessBase"]
[SourceQuality "1"]

{[%evp 12,88,16,0,89,60,181,78,161,158,157,144,215,216,201,38,247,247,324,59,146,137,141,110,315,298,287,278,701,698,707,259,253,256,254,7,0,0,2,0,35,12,5,-72,-64,-70,-30,-919,-447,-440,-448,-610,-420,-389,-384,-343,-287,-276,-271,-256,-37,-51,-25,-29979,-29980,-29982,-29982,-29984,-29984,-29984,-29985,-29992,-29987,-29992,-29993,-29993,-29994,-29999,-29999]} 1. e4 c5 2. Nf3 d6 3. Bb5+ Bd7 4. Bxd7+ Qxd7 5. O-O Nf6 6. Re1 Nc6 7. c3 {LiveBook: 753 Games} O-O-O {B52: Sicilian: Moscow Variation with 3...Bd7} (7... e6 $11) (7... e6 8. d3 Be7 9. h3 O-O 10. Bf4 Rfd8 11. Nbd2 b5 12. a3 Qb7 13. Qe2 d5 14. e5 Nd7 15. Nf1 a5 16. Ng3 {½-½ (16) Savic,M (2545)-Palac,M (2539) Jahorina 2018}) 8. d4 {[%cal Bd2d4,Bd4d5][%mdl 32]} e5 {[#]} (8... cxd4 $14 9. cxd4 d5) 9. Bg5 (9. d5 $1 $18) 9... Be7 (9... h6 $16 {was worth a try.} 10. Bxf6 gxf6) 10. d5 $18 Nb8 11. b4 h6 $146 (11... Na6 $16) ({Predecessor:} 11... Na6 12. a3 h6 13. Bxf6 Bxf6 14. Nbd2 g5 15. Nc4 Bg7 16. Ne3 Rdg8 {1-0 (47) Jakovljev,Z (2284)-Tomaszewska,L (1990) Milanowek 2014}) 12. Bxf6 $1 Bxf6 13. Nbd2 $2 (13. bxc5 $18 {And now Na3 would win.} Na6 14. cxd6) 13... Qb5 $2 (13... cxb4 $1 $14 14. cxb4 Na6) 14. a4 {[%cal Ba2a4,Ba4a5][%mdl 32]} Qe8 15. Nf1 $2 (15. bxc5 $18 Na6 16. cxd6) 15... Nd7 (15... cxb4 $1 $14 16. cxb4 Na6) 16. Ne3 $16 Kb8 17. Rb1 Nb6 $2 (17... cxb4 $16 18. cxb4 g6) 18. bxc5 $18 dxc5 19. a5 Na4 $2 (19... Nc8 20. Nc4 (20. Qb3 Rd7 $18) 20... Qe7) 20. Qb3 {[%csl Gb1][%cal Rb3b7]} b5 {If Black can now play ...Ka8 this consolidates a bit.} 21. Qxb5+ $2 (21. axb6 Nxb6 22. Nc4) 21... Qxb5 22. Rxb5+ Ka8 23. Ra1 $2 (23. Rb3 $18) 23... Nxc3 $11 24. Rxc5 Nxe4 25. Rc7 Nd6 {Hoping for ...e4.} 26. Nd2 Rc8 27. Rxc8+ (27. Rac1 $11 {remains equal.}) 27... Rxc8 $17 28. a6 e4 29. f3 $2 {[%mdl 8192]} (29. Ra4 $11) 29... Bd4 (29... Bxa1 $142 30. Kf1 Bd4) 30. Re1 $19 Nf5 31. Kf2 Bxe3+ 32. Rxe3 Nxe3 33. Kxe3 {[%mdl 4096] Endgame KR-KN} f5 34. fxe4 fxe4 35. Nxe4 Re8 $2 (35... Rc2 $19 36. Kf3 Kb8) 36. Kd4 $15 Kb8 $1 {aiming for ...Kc7.} 37. Kc5 $2 {[%mdl 8192] [#]} (37. d6 $11) 37... Rxe4 {KR-KP. Black mates.} 38. d6 Kc8 39. Kc6 Re2 40. d7+ Kd8 41. Kb7 Rd2 42. Kxa7 Kc7 43. Ka8 Rxd7 44. a7 g5 {Precision: White = 24%, Black = 21%.} 0-1